[Event "Prague Festival Challengers 2019"]
[Site "Prague"]
[Date "2019.03.08"]
[Round "3.1"]
[White "Paravyan, David"]
[Black "Ju, Wenjun"]
[Result "0-1"]
[WhiteElo "2627"]
[BlackElo "2580"]
[Annotator "TA"]
[PlyCount "88"]
[EventDate "2019.03.06"]
[EventType "tourn"]
[EventCountry "CZE"]
[SourceTitle "playchess.com"]
[Source "ChessBase"]
[SourceQuality "1"]

{[%evp 17,88,29,41,23,21,15,27,16,37,25,39,16,29,9,14,18,12,0,0,0,0,0,0,0,0,0,0,0,0,0,0,0,0,-39,-39,-39,-27,-40,-48,-56,-50,-93,-96,-133,-160,-287,-274,-272,-260,-327,-327,-282,-227,-357,-283,-416,-429,-503,-512,-548,-542,-639,-614,-816,-802,-785,-838,-814,-791,-5803,-5816,-5185,-5277]} 1. e4 e5 2. Nf3 Nf6 3. Nxe5 d6 4. Nf3 Nxe4 5. d4 d5 6. Bd3 Bf5 7. O-O Be7 8. Re1 Nc6 9. c4 O-O 10. Nc3 {C42: Petroff Defence: 3 Nxe5 and unusual White 3rd moves} (10. cxd5 {feels hotter.} Qxd5 11. Nc3 Nxc3 12. bxc3 Rfe8 13. Bf4) 10... Nxc3 11. bxc3 Bxd3 12. Qxd3 {White has an edge.} Re8 (12... dxc4 13. Qxc4 Qd7 14. d5 Na5 15. Qd3 Rae8 16. Bd2 b6 17. Ne5 Qc8 {½-½ (28) Kobalia,M (2620)-Zvjaginsev,V (2642) Tula 2019}) 13. cxd5 Qxd5 14. Bf4 Bd6 15. Ng5 g6 16. Ne4 {[#] Strongly threatening Nf6+.} Re6 $146 ({Predecessor:} 16... Kg7 17. Qf3 Bxf4 18. Qxf4 {½-½ (48) Iljiushenok,I (2516)-Iljin,A (2528) Sochi 2018}) 17. Qf3 {aiming for Nf6+!} (17. Nxd6 {looks sharper.} cxd6 18. Rxe6 fxe6 19. Rb1 Na5 20. a4) 17... Kg7 $1 {Threatens to win with ...Rae8.} 18. Nxd6 Qxf3 19. gxf3 cxd6 20. Rxe6 fxe6 21. Bxd6 $11 {[%mdl 4096] Endgame KRB-KRN} Rd8 22. Bg3 Rc8 23. c4 Rd8 24. Rb1 Rd7 25. Be5+ Nxe5 26. dxe5 $15 {KR-KR} g5 27. Kf1 Kg6 {[%mdl 1024] Black has compensation.} 28. Ke2 Kf5 29. Rb5 b6 30. a4 {[#]} Rc7 $1 31. a5 {[#]} (31. Kd3 $17 {is a better defense.}) 31... Rc5 $1 $19 {[%cal Rc5b5] Hoping for ...Rxb5.} ({Less strong is} 31... Rxc4 32. axb6 axb6 33. Kf1 $17) 32. Rb1 Rxe5+ 33. Kf1 Rxa5 34. Rd1 Ra4 35. Rd7 (35. Rc1 {was the only chance.}) 35... a5 {[%cal Ba7a5,Ba5a4][%mdl 32]} (35... Rxc4 $2 36. Rxa7 h6 37. Rf7+ Kg6 38. Rb7 $17) 36. Rc7 (36. Rb7 $142) 36... Ke5 37. c5 {Black is clearly winning.} b5 38. Rxh7 Rc4 39. f4+ Kxf4 40. h4 a4 41. c6 Rxc6 42. h5 Kg4 43. Kg2 Ra6 44. f3+ Kh4 {Accuracy: White = 32%, Black = 86%.} 0-1

[Event "Prague Festival Challengers 2019"]
[Site "Prague"]
[Date "2019.03.08"]
[Round "3.2"]
[White "Praggnanandhaa R"]
[Black "Nguyen, Thai Dai Van"]
[Result "1/2-1/2"]
[WhiteElo "2532"]
[BlackElo "2546"]
[Annotator "TA"]
[PlyCount "120"]
[EventDate "2019.03.06"]
[EventType "tourn"]
[EventCountry "CZE"]
[SourceTitle "playchess.com"]
[Source "ChessBase"]
[SourceQuality "1"]

{[%evp 17,120,33,39,19,24,20,16,17,36,22,27,33,20,14,17,14,16,19,19,19,20,0,23,9,16,29,14,22,22,0,19,19,45,46,46,32,77,70,77,77,73,73,74,71,90,108,102,91,91,83,83,91,91,91,91,67,91,41,41,41,49,14,14,14,91,91,91,91,91,0,0,0,91,0,0,0,0,0,0,0,0,0,0,0,0,0,0,0,8,0,0,0,0,0,0,0,0,0,8,93,93,93,93,93,242]} 1. e4 e5 2. Nf3 Nf6 3. Nxe5 d6 4. Nf3 Nxe4 5. d4 d5 6. Bd3 Bf5 7. O-O Be7 8. Re1 O-O 9. c4 Nc6 10. cxd5 {C42: Petroff Defence: 3 Nxe5 and unusual White 3rd moves} Qxd5 11. Nc3 Nxc3 12. bxc3 {The position is equal.} Bxd3 13. Qxd3 Rfe8 14. Bf4 Bd6 15. c4 Qh5 16. Bg3 {[#]} b6 $146 ({Predecessor:} 16... Bxg3 17. hxg3 {1-0 (59) Lagno,K (2547)-Ju,W (2567) Huaian 2017}) 17. Bxd6 cxd6 18. Qa3 Qg6 19. Rxe8+ Rxe8 20. Qa4 Rc8 $1 21. d5 Na5 $1 22. Qd7 {[%cal Rd7c8]} Rf8 23. Qc7 Qf6 24. Re1 Qd8 25. Qxa7 Nxc4 26. Qa4 $36 {[%mdl 2048] White has the initiative.} Ne5 27. Nxe5 dxe5 28. Rxe5 $16 {[%mdl 4096] Endgame KQR-KQR} f6 {[#]} 29. Re6 $1 Qxd5 30. Rxb6 Ra8 {[#]} 31. Ra6 $1 {[%cal Ra6a8]} Rd8 {( -> ...Qd1+)} 32. h4 Qd1+ 33. Kh2 Qxa4 34. Rxa4 {KR-KR} h5 35. Ra5 Kf7 36. g3 Rd3 37. Kg2 Kg6 38. a4 {[%cal Ba2a4,Ba4a5,Ba5a6][%mdl 32]} Ra3 39. Ra8 Kf5 40. a5 Ra2 (40... Ra4 $11 {keeps the balance.}) 41. a6 Kg4 42. Ra7 Kf5 43. Kf1 (43. Re7 $16) 43... Kg4 $11 44. Kg2 (44. Re7 $11) 44... Kf5 $1 $16 45. Kf3 ({Better is} 45. Rxg7 $16 {And now a7 would win.} Rxa6 46. Rd7) 45... g5 $11 46. hxg5 fxg5 47. Ra8 Kg6 48. Ke4 Kg7 49. Kf3 Ra3+ 50. Kg2 Ra2 51. Kg1 {Threatens to win with a7.} Ra1+ 52. Kg2 Ra2 53. a7 g4 54. Kf1 Ra1+ 55. Ke2 Ra3 56. Kd2 {Black must now prevent Kc2.} Ra2+ 57. Ke3 {Kd4 is the strong threat.} Kh7 58. Kf4 {Hoping for Ke5.} Rxf2+ {White is better.} 59. Kg5 {White wants to mate with Rc8.} Ra2 60. Kxh5 Ra4 {Accuracy: White = 63%, Black = 70%.} 1/2-1/2

[Event "Prague Festival Challengers 2019"]
[Site "Prague"]
[Date "2019.03.08"]
[Round "3.3"]
[White "Michalik, Peter"]
[Black "Anton Guijarro, David"]
[Result "1-0"]
[WhiteElo "2565"]
[BlackElo "2643"]
[Annotator "TA"]
[PlyCount "133"]
[EventDate "2019.03.06"]
[EventType "tourn"]
[EventCountry "CZE"]
[SourceTitle "playchess.com"]
[Source "ChessBase"]
[SourceQuality "1"]

{[%evp 9,133,15,39,32,36,44,41,48,47,33,43,34,45,27,27,21,42,28,41,35,41,25,47,47,49,46,54,49,63,65,192,197,190,191,237,247,243,239,283,282,264,271,349,343,335,350,364,358,358,337,586,277,351,356,353,355,329,174,302,234,237,225,227,228,227,230,215,168,164,132,133,131,156,162,147,152,212,193,184,187,173,181,165,161,210,188,206,19,19,19,18,18,22,22,22,20,212,193,275,268,262,220,220,220,220,195,195,180,751,751,713,713,1524,1489,1027,861,29967,29968,29962,29961,29975,29975,29975,29975,29973,29969]} 1. d4 Nf6 2. c4 e6 3. Nf3 d5 4. Nc3 dxc4 5. e4 b5 6. e5 {D24: Queen's Gambit Accepted: 3 Nf3 Nf6 4 Nc3} Nd5 7. Nxb5 Nb6 8. Be2 {White is slightly better.} Be7 9. O-O O-O 10. Qd2 Nc6 11. Qf4 Rb8 {Threatens to win with ...Nd5.} 12. Nc3 Kh8 $146 ({Predecessor:} 12... f5 13. Qg3 {1-0 (38) Ding,L (2804)-Duda,J (2739) Batumi 2018}) 13. Rd1 Nb4 14. Qg4 N4d5 15. Qh5 Bb7 16. Ng5 Bxg5 $1 17. Bxg5 f6 18. Bd2 $40 {[%mdl 128] White attacks.} Nb4 19. Qh4 f5 ({Better is} 19... fxe5 $14 20. Bg5 Qe8) 20. Bg5 $18 Qd7 21. Be7 $1 {[%cal Re7b4]} a5 22. Bxf8 Rxf8 23. d5 exd5 24. Bxc4 Qe6 25. Bb3 c5 26. a3 Na6 27. Ne2 c4 28. Nf4 Qe8 29. Bc2 Nc5 $2 {[#]} (29... Kg8 {might work better.} 30. g4 Nc7) 30. Rd4 (30. Bxf5 $142 $1 {[%mdl 512]} Rxf5 31. Ng6+ $1 {[%mdl 576] Pin} Kg8 32. Ne7+ {[%mdl 64] Double Attack} Kh8 33. Ng6+ Kg8 34. Ne7+ {[%mdl 64] Double Attack} Kh8 35. Nxf5) 30... Kg8 31. Re1 Ne4 32. f3 Qxe5 {[#]} 33. Ne2 (33. Rd2 $142 $3 {[%mdl 512]}) 33... Nd6 (33... Nc5 {keeps fighting.} 34. Rdd1 Qf6) 34. Nc3 Qf6 35. Qxf6 Rxf6 36. b3 Kf7 37. Kf2 g6 38. h4 Bc6 39. Rc1 Ke6 40. a4 Rf8 41. Re1+ Kd7 42. Red1 Rb8 (42... Ke6 $16 43. Re1+ Kd7) 43. Kg3 Re8 44. bxc4 Ndxc4 45. Bb3 {And now Bxc4 would win.} Ne3 46. Rc1 Kd6 47. Rd3 Nd7 {[#]} 48. Kf2 $2 (48. Ne2 $1 $18) 48... Nc5 $11 {[%mdl 64] Double Attack} 49. Rxe3 Rxe3 50. Kxe3 d4+ $1 51. Ke2 {Nb5+ is the strong threat.} Nxb3 52. Rb1 dxc3 $2 (52... Nc5 $11 {and Black is okay.} 53. Rd1 Nb3) 53. Rxb3 {[%mdl 4096] Endgame KR-KB} c2 (53... Bxa4 {is a better defense.} 54. Rxc3 Bb5+ 55. Kd2 Bc6) 54. Kd2 $18 Bxa4 55. Ra3 Bb5 56. Rxa5 Bf1 57. g3 Be2 58. Ra3 Kd5 $2 (58... Bd1 59. Ra7 h5) 59. Kxc2 Kd4 60. Kd2 Bc4 61. Ra7 Bd5 62. Ke2 f4 63. gxf4 {White mates.} Bc4+ 64. Kf2 h5 65. Rd7+ Kc5 {[#]} 66. f5 $1 gxf5 67. Ke3 {Accuracy: White = 70%, Black = 45%.} 1-0

[Event "Prague Festival Challengers 2019"]
[Site "Prague"]
[Date "2019.03.08"]
[Round "3.4"]
[White "Shirov, Alexei"]
[Black "Stocek, Jiri"]
[Result "0-1"]
[WhiteElo "2667"]
[BlackElo "2592"]
[Annotator "TA"]
[PlyCount "80"]
[EventDate "2019.03.06"]
[EventType "tourn"]
[EventCountry "CZE"]
[SourceTitle "playchess.com"]
[Source "ChessBase"]
[SourceQuality "1"]

{[%evp 12,80,12,-4,25,-12,0,0,0,7,18,0,0,0,18,28,18,26,52,35,50,16,116,-24,0,0,16,0,4,-29,-14,-115,-101,-122,-112,-127,-50,-179,-168,-171,-175,-253,-248,-364,-382,-375,-369,-364,-370,-339,-323,-331,-268,-328,-322,-277,-218,-303,-279,-539,-535,-1820,-1773,-1661,-427,-1541,-1395,-6078,-6070,-4133,-1659]} 1. e4 e6 2. d4 d5 3. e5 c5 4. c3 Nc6 5. Nf3 Bd7 6. Be2 f6 7. O-O fxe5 {C02: French: Advance Variation} 8. dxe5 Nh6 9. c4 d4 {The position is equal.} 10. b4 cxb4 $146 ({Predecessor:} 10... Nf7 11. bxc5 Bxc5 12. Bf4 Qe7 13. Nbd2 g5 14. Bg3 h5 15. h3 {½-½ (50) Yu,L (2417)-Nguyen,N (2662) Beijing 2012}) 11. Bd3 Nf7 12. Re1 Be7 13. Nbd2 Qc7 {[%cal Rf7e5]} 14. Nb3 O-O-O {[%cal Rf7e5]} 15. a3 (15. Nfxd4 $6 Nxd4 16. Nxd4 Nxe5 $11) 15... Kb8 16. axb4 Nxb4 (16... Bxb4 $11 17. Bd2 Bc3 18. Bxc3 dxc3) 17. Nfxd4 (17. Bb2 $16) 17... Nxe5 18. Bf1 Rhf8 19. Be3 {aiming for Rxa7!} a6 20. Qh5 (20. c5 $5) 20... g6 21. Qe2 (21. Qd1 $11 {keeps the balance.}) 21... Ned3 $17 {Threatens to win with ...e5.} 22. Red1 e5 (22... Qxc4 23. Nc1 $14 (23. Rxd3 Qxd3 24. Qxd3 Nxd3 $11)) 23. Nc2 e4 (23... Nf4 $17 24. Bxf4 Rxf4) 24. c5 (24. Nxb4 $1 $15 Bxb4 25. g3) 24... Nd5 $36 {[%mdl 2048] Black is really pushing.} ({Avoid the trap} 24... Nxc5 $2 25. Nxb4 Nxb3 {[#]} 26. Nxa6+ $1 {[%mdl 512]} bxa6 27. Qxa6 $18) 25. Bd4 Bf6 (25... Bxc5 26. Nxc5 Nxc5 27. Qc4 $16) 26. Qxe4 (26. Bxf6 {is a better defense.} Nxf6 27. Ne3) 26... Bf5 27. Qf3 (27. Qe2 $142 Bxd4 28. Ncxd4) 27... Ne5 28. Bxe5 Bxe5 29. Ncd4 {[#]} Bc2 $1 {[%mdl 512]} 30. Qh3 (30. Nxc2 Bxh2+) 30... Bxd1 31. Rxd1 Bxd4 ({Don't do} 31... Qf7 32. Rd2 $19) 32. Nxd4 Qf4 ({Weaker is} 32... Qxc5 33. Qg3+ Ka7 34. Ne6 $15) 33. Nf3 g5 34. Rd4 Qc1 {White must now prevent ...Nf4.} 35. Qxh7 $2 {[#]} (35. Qe6 {was forced.} Rfe8 36. Qf5) 35... Ne3 $1 {[%csl Ge3][%cal Rc1f1][%mdl 512] Black is clearly winning.} 36. Rxd8+ (36. fxe3 Qxe3+) 36... Rxd8 {[%csl Ge3][%cal Rc1f1]} 37. fxe3 Qxe3+ 38. Kh1 Rd1 39. Qh8+ Ka7 40. Nd2 Qxd2 {Accuracy: White = 35%, Black = 60%.} 0-1

[Event "Prague Festival Challengers 2019"]
[Site "Prague"]
[Date "2019.03.08"]
[Round "3.5"]
[White "Krejci, Jan"]
[Black "Bartel, Mateusz"]
[Result "1-0"]
[WhiteElo "2570"]
[BlackElo "2600"]
[Annotator "TA"]
[PlyCount "67"]
[EventDate "2019.03.06"]
[EventType "tourn"]
[EventCountry "CZE"]
[SourceTitle "playchess.com"]
[Source "ChessBase"]
[SourceQuality "1"]

{[%evp 14,67,25,8,29,23,28,4,29,22,35,18,42,35,62,44,58,59,66,69,53,39,94,96,100,77,108,88,104,90,106,84,87,85,72,72,89,76,67,73,110,111,177,185,189,192,185,177,338,345,466,443,431,429,423,414]} 1. d4 Nf6 2. c4 e6 3. g3 Bb4+ 4. Bd2 a5 5. Bg2 O-O 6. Nf3 b6 7. O-O Bb7 8. Nc3 Bxc3 {E16: Queen's Indian: 4 g3 Bb7 5 Bg2 Bb4+} 9. Bxc3 Be4 10. e3 $146 ({Predecessor:} 10. b3) 10... d6 {The position is equal.} 11. Qe2 Nbd7 12. Rfd1 Qb8 13. Bf1 Qb7 14. Ne1 d5 15. f3 Bg6 16. Rac1 c6 17. g4 Ne8 (17... dxc4 $14 18. Qxc4 b5) 18. Ng2 $16 Nd6 19. cxd5 exd5 20. Be1 Rfd8 21. Bg3 Nf8 22. Nf4 h6 23. e4 (23. Bg2 {keeps more tension.} Bh7 24. e4 a4 25. Re1 Nb5 26. exd5 Nxd4 27. Qc4) 23... dxe4 24. Nxg6 Nxg6 25. fxe4 Ne8 26. Bg2 Nf6 27. d5 cxd5 (27... Rac8 $16) 28. Rc7 $36 {[%mdl 2048] Keeping Black busy.} Qa6 29. Qxa6 Rxa6 30. exd5 Nxg4 $2 {[#]} (30... b5 {is a better defense.} 31. Bf3 b4) 31. d6 $1 {[%cal Rd6d7]} N4e5 32. d7 {White is clearly winning.} Kf8 33. Be4 b5 34. Rd5 {Accuracy: White = 73%, Black = 40%.} 1-0

[Event "Prague Festival Challengers 2019"]
[Site "Prague"]
[Date "2019.03.09"]
[Round "4.1"]
[White "Ju, Wenjun"]
[Black "Anton Guijarro, David"]
[Result "1/2-1/2"]
[WhiteElo "2580"]
[BlackElo "2643"]
[Annotator "TA"]
[PlyCount "74"]
[EventDate "2019.03.06"]
[EventType "tourn"]
[EventCountry "CZE"]
[SourceTitle "playchess.com"]
[Source "ChessBase"]
[SourceQuality "1"]

{[%evp 18,74,29,29,37,17,24,7,12,2,0,9,4,0,0,0,0,0,0,-11,-13,-19,-14,-12,-13,-23,-12,-12,-8,-8,-16,-12,0,0,0,0,0,0,0,0,0,0,0,0,0,0,29,30,43,34,17,0,10,11,27,0,0,0,0]} 1. e4 e5 2. Nf3 Nc6 3. Bb5 a6 4. Ba4 d6 5. O-O Bd7 6. d4 exd4 7. Nxd4 b5 8. Nxc6 Bxc6 9. Bb3 Nf6 10. Nc3 Be7 {C72: Ruy Lopez: Deferred Steinitz: 5 0-0} 11. Re1 (11. f3 {keeps more tension.} O-O 12. Be3 Nd7 13. Nd5 Re8 14. Qd2) 11... O-O 12. Nd5 (12. a3 Re8 13. Qf3 a5 14. Bd2 Rb8 15. g4 {1-0 (58) Wang,H (2709)-Fressinet,L (2662) Riadh 2017}) 12... Nxd5 13. Bxd5 Qd7 14. c3 Bf6 15. Bf4 Rfe8 16. Qd2 $146 ({Predecessor:} 16. Bg3 Rad8 17. h3 Bxd5 18. Qxd5 c6 19. Qd3 Qe6 20. f3 g6 21. Kh1 Qe7 {½-½ (21) Habada,J (1915)-Ling,B (2050) Ostrava 2007}) 16... Rab8 17. a3 a5 18. Rad1 Bxd5 19. exd5 Qf5 20. h3 h5 21. Re3 Rxe3 22. Bxe3 g6 23. Qd3 Qxd3 24. Rxd3 $11 {[%mdl 4096] Endgame KRB-KRB} Kg7 25. f4 h4 26. Kf2 Kf8 27. Kf3 Ke7 28. Kg4 Rh8 29. f5 g5 30. Rd1 ({But not} 30. Bxg5 $2 Rg8 $19) 30... Rg8 31. Rf1 b4 32. axb4 axb4 33. cxb4 Bxb2 34. b5 f6 35. Rb1 Be5 36. b6 cxb6 37. Rxb6 {[#] Black must now prevent Rb7+.} Rc8 {Accuracy: White = 76%, Black = 84%.} 1/2-1/2

[Event "Prague Festival Challengers 2019"]
[Site "Prague"]
[Date "2019.03.09"]
[Round "4.2"]
[White "Bartel, Mateusz"]
[Black "Michalik, Peter"]
[Result "1/2-1/2"]
[WhiteElo "2600"]
[BlackElo "2565"]
[Annotator "ChessBase"]
[PlyCount "97"]
[EventDate "2019.03.06"]
[EventType "tourn"]
[EventCountry "CZE"]
[SourceTitle "playchess.com"]
[Source "ChessBase"]
[SourceQuality "1"]
[TimeControl "40/5400+30:1800+30"]

1. e4 {[%emt 0:00:00]} e5 {[%emt 0:00:00]} 2. Nf3 {[%emt 0:00:00]} Nc6 {[%emt 0:00:00]} 3. Bb5 {[%emt 0:00:00]} Nf6 {[%emt 0:00:00]} 4. O-O {[%emt 0:00:00]} Nxe4 {[%emt 0:00:00]} 5. Re1 {[%emt 0:00:00]} Nd6 {[%emt 0:00:00]} 6. Nxe5 {[%emt 0:00:00]} Nxe5 {[%emt 0:00:13]} 7. Rxe5+ {[%emt 0:00:08]} Be7 {[%emt 0:00:05]} 8. Bf1 {[%emt 0:00:05]} O-O {[%emt 0:00:06]} 9. d4 {[%emt 0:00:05]} Bf6 {[%emt 0:00:17]} 10. Re1 {[%emt 0:00:05]} Re8 {[%emt 0:01:21]} 11. Rxe8+ {[%emt 0:00:08]} Nxe8 {[%emt 0:00:24]} 12. d5 {[%emt 0:00:05]} d6 {[%emt 0:03:10]} 13. Nd2 {[%emt 0:00:04]} Be7 {[%emt 0:02:07]} 14. Nc4 {[%emt 0:12:19]} Nf6 {[%emt 0:05:47]} 15. Bf4 {[%emt 0:00:20]} Bf5 {[%emt 0:02:29]} 16. Ne3 {[%emt 0:13:33]} Bg6 {[%emt 0:00:24]} 17. Be2 {[%emt 0:00:38]} Nd7 {[%emt 0:08:56]} 18. c3 {[%emt 0:03:13]} Nc5 {[%emt 0:03:54]} 19. g3 {[%emt 0:06:16]} a5 {[%emt 0:02:22]} 20. h4 {[%emt 0:01:28]} h6 {[%emt 0:00:05]} 21. Ng4 {[%emt 0:04:11]} Qd7 {[%emt 0:04:20]} 22. Be3 {[%emt 0:03:56]} Ne4 {[%emt 0:14:05]} 23. a4 {[%emt 0:10:55]} Nf6 {[%emt 0:03:33]} 24. Bd4 {[%emt 0:09:05]} Nxg4 {[%emt 0:10:50]} 25. Bxg4 {[%emt 0:00:00]} Bf5 {[%emt 0:00:04]} 26. Bxf5 {[%emt 0:00:32]} Qxf5 {[%emt 0:00:06]} 27. Qe2 {[%emt 0:00:04]} Qd7 {[%emt 0:08:07]} 28. Re1 {[%emt 0:01:55]} Bf8 {[%emt 0:00:06]} 29. b3 {[%emt 0:03:04]} c5 {[%emt 0:01:09]} 30. Be3 {[%emt 0:03:02]} Qf5 {[%emt 0:03:37]} 31. c4 {[%emt 0:00:28]} Re8 {[%emt 0:00:49]} 32. Kg2 {[%emt 0:00:06]} h5 {[%emt 0:05:42]} 33. Qf3 {[%emt 0:00:13]} Qxf3+ {[%emt 0:00:22]} 34. Kxf3 {[%emt 0:00:02]} b6 {[%emt 0:01:13]} 35. g4 {[%emt 0:04:05]} hxg4+ {[%emt 0:00:14]} 36. Kxg4 {[%emt 0:00:04]} Re4+ {[%emt 0:00:50]} 37. f4 {[%emt 0:00:32]} g6 {[%emt 0:05:20]} 38. h5 {[%emt 0:10:06]} Bg7 {[%emt 0:00:25]} 39. hxg6 {[%emt 0:10:18]} fxg6 {[%emt 0:00:17]} 40. Bf2 {[%emt 0:00:00]} Rxe1 {[%emt 0:00:00]} 41. Bxe1 {[%emt 0:00:16]} Bf6 {[%emt 0:07:08]} 42. f5 {[%emt 0:00:47]} gxf5+ {[%emt 0:00:44]} 43. Kxf5 {[%emt 0:00:09]} Kf7 {[%emt 0:00:02]} 44. Bg3 {[%emt 0:00:26]} Be7 {[%emt 0:00:03]} 45. Bf4 {[%emt 0:00:42]} Bf8 {[%emt 0:00:04]} 46. Bg5 {[%emt 0:00:19]} Bg7 {[%emt 0:00:05]} 47. Bd8 {[%emt 0:03:20]} Bc3 {[%emt 0:00:05]} 48. Bxb6 {[%emt 0:00:06]} Ke7 {[%emt 0:00:03]} 49. Ke4 {[%emt 0:00:31]} 1/2-1/2

[Event "Prague Festival Challengers 2019"]
[Site "Prague"]
[Date "2019.03.09"]
[Round "4.3"]
[White "Nguyen, Thai Dai Van"]
[Black "Shirov, Alexei"]
[Result "1/2-1/2"]
[WhiteElo "2546"]
[BlackElo "2667"]
[Annotator "TA"]
[PlyCount "115"]
[EventDate "2019.03.06"]
[EventType "tourn"]
[EventCountry "CZE"]
[SourceTitle "playchess.com"]
[Source "ChessBase"]
[SourceQuality "1"]

{[%evp 17,115,32,45,0,0,0,0,0,10,26,7,6,0,0,0,0,20,23,38,29,27,12,28,21,28,21,27,25,20,0,0,0,0,0,-9,-56,-19,-25,-33,-16,0,0,0,0,0,0,53,56,58,58,55,53,75,75,75,75,75,75,99,99,99,99,99,99,99,99,99,99,99,99,99,99,99,0,0,0,0,0,0,0,0,0,0,0,0,0,0,0,0,0,0,0,0,0,0,0,0,0,0,0]} 1. e4 e5 2. Nf3 Nc6 3. Bb5 a6 4. Ba4 Nf6 5. O-O b5 6. Bb3 Bc5 7. a4 Rb8 8. c3 d6 9. d4 Bb6 10. a5 {C78: Ruy Lopez: Archangelsk and Möller Defences} Ba7 $1 11. h3 O-O 12. Be3 Ra8 13. Nbd2 h6 {[#]} 14. Qe2 $146 ({Predecessor:} 14. Re1 Re8 15. Qc2 exd4 16. Nxd4 Nxd4 17. cxd4 c5 {1-0 (63) Saric,I (2689)-Maghsoodloo,P (2649) Batumi 2018}) 14... exd4 15. cxd4 Re8 16. Rfd1 Qe7 17. d5 Nb4 18. Bxa7 Rxa7 19. Nd4 Bd7 (19... Nxe4 $2 20. Nxe4 Qxe4 21. Qd2 $18) 20. Qe3 {[#] Black must now prevent Qc3.} c5 $1 {[%cal Rf6e4]} ({Avoid the trap} 20... Nxe4 $2 21. Re1 $18) 21. dxc6 Nxc6 22. Rdc1 Ne5 23. Nf1 {[%cal Bd2f1,Bf1g3,Bg3f5][%mdl 32]} Rb7 24. Ng3 Nc4 25. Bxc4 bxc4 26. Ndf5 Bxf5 (26... Qe5 {feels hotter.} 27. Rxc4 d5 28. Rc5 Rxb2 29. Nd4 Qb8) 27. Nxf5 Qe5 28. Rxc4 Rxb2 {...d5 is the strong threat.} ({Reject} 28... Nxe4 $6 {[#]} 29. Rxe4 $1 {[%mdl 512]} (29. Qxe4 Qxe4 30. Rxe4 Rxe4 $16) 29... Qxe4 30. Qxe4 $16 (30. Nxd6 Qxe3 31. fxe3 Reb8 $14)) 29. Qg3 $36 {[%mdl 2048] White fights for an advantage.} Qxg3 30. Nxg3 Re5 31. Rd4 Rbb5 (31... Ne8 $11) 32. Rxd6 $14 Rxa5 33. Rxa5 Rxa5 {[%mdl 4096] Endgame KRN-KRN} 34. f3 Nh5 35. Nxh5 Rxh5 36. Rxa6 $16 {KR-KR} Rb5 37. h4 g6 38. g4 Rb2 39. Ra5 Kg7 40. Rd5 Kf6 41. h5 g5 42. Rd6+ Kg7 43. Kf1 Ra2 44. Ke1 (44. Rb6 {is more complex.} Rc2 45. Ra6 Rb2 46. Ra7 Rb3 47. Kf2) 44... Rb2 45. Rd2 (45. Ra6 $16) 45... Rxd2 $1 $11 {The position is equal.} 46. Kxd2 {KP-KP} Kf6 47. Kd3 Ke5 48. Ke3 f6 49. Ke2 Kf4 50. Kf2 Ke5 51. Ke3 Ke6 52. f4 gxf4+ 53. Kxf4 {K3P-KPP} Ke7 $1 54. e5 {Hoping for Kf5.} Ke6 55. exf6 Kxf6 56. g5+ hxg5+ 57. Kg4 Kg7 58. Kxg5 {Accuracy: White = 71%, Black = 71%.} 1/2-1/2

[Event "Prague Festival Challengers 2019"]
[Site "Prague"]
[Date "2019.03.09"]
[Round "4.4"]
[White "Stocek, Jiri"]
[Black "Krejci, Jan"]
[Result "1/2-1/2"]
[WhiteElo "2592"]
[BlackElo "2570"]
[Annotator "TA"]
[PlyCount "62"]
[EventDate "2019.03.06"]
[EventType "tourn"]
[EventCountry "CZE"]
[SourceTitle "playchess.com"]
[Source "ChessBase"]
[SourceQuality "1"]

{[%evp 24,62,0,0,13,15,10,20,47,38,45,48,82,38,43,0,0,-20,0,0,21,0,0,0,0,0,7,0,34,0,0,0,0,0,0,0,0,0,0,0,0]} 1. d4 Nf6 2. Nf3 e6 3. c4 b6 4. Bg5 Bb7 5. Nc3 Bb4 6. e3 h6 7. Bh4 g5 8. Bg3 Ne4 9. Nd2 Bxc3 10. bxc3 Nxg3 11. hxg3 d6 {E13: Queen's Indian/Nimzo-Indian hybrid: 4 Nc3 Bb7 5 Bg5 h6 6 Bh4 Bb4} 12. Rh2 (12. a4 Nd7 13. a5 Nf6 14. f3 h5 15. Bd3 g4 16. e4 gxf3 17. gxf3 Ke7 18. Rh4 Qg8 19. Nf1 {1-0 (82) Bareev,E (2643)-Bologan,V (2692) Moscow 2010}) 12... Nd7 13. Be2 {[#] LiveBook: 4 Games} c5 $146 ({Predecessor:} 13... Qf6 14. Qa4 a6 15. Bf3 O-O-O 16. Qc2 h5 17. Ke2 Bxf3+ 18. Nxf3 g4 19. Nd2 {½-½ (26) Summerscale,A (2509)-Speelman,J (2583) Torquay 2002}) 14. Bf3 Qc7 15. a4 a5 16. Rb1 O-O-O 17. Bxb7+ Qxb7 18. Qf3 f5 19. Ke2 Nf6 20. Qxb7+ (20. Rbh1 {looks sharper.} d5 21. Rxh6 Rxh6 22. Rxh6 Qg7 23. Rh1) 20... Kxb7 21. f3 Kc6 22. e4 fxe4 23. Nxe4 Nxe4 24. fxe4 $11 {[%mdl 4096] Endgame KRR-KRR} Rdf8 25. Rhh1 Rf6 26. Rhf1 Rhf8 $1 {The position is equal.} 27. Rxf6 Rxf6 28. Ke3 e5 29. d5+ Kc7 30. g4 Rf4 31. g3 Rf6 {Precision: White = 54%, Black = 51%.} ({Avoid the trap} 31... Rxg4 $2 32. Kf3 $18) 1/2-1/2